| 000 | 00743nam a22002657a 4500 | ||
|---|---|---|---|
| 001 | BR9503972 | ||
| 003 | BR-BrBNA | ||
| 005 | 20230928094621.0 | ||
| 007 | ta | ||
| 008 | 230509b bl.||||| |||| 00| 0 por d | ||
| 040 |
_aBR-BrBNA _bpor _cBiblioteca Nacional de Agricultura |
||
| 041 | _a(Por) | ||
| 072 | _aN10 | ||
| 090 | _ N10 BR9503972 | ||
| 100 | 1 | _aLima, O.F. | |
| 110 | 1 | _aEscritorio Tecnico de Agricultura Brasil - Estados Unidos, Rio de Janeiro, GB (Brasil) | |
| 245 | 1 | _aMetodos de construcao de terracos | |
| 260 | 3 |
_aRio de Janeiro, GB (Brasil): _c[nd]. |
|
| 300 | _a35 p. | ||
| 500 | _a9 ref.; 47 illus. | ||
| 650 | _aTerraco | ||
| 650 | _aInstalacao Agricola | ||
| 909 |
_a202309 _bLucia _c55 _dLucia Elande |
||
| 942 | _cBK | ||
| 999 |
_c51673 _d51673 |
||